Представление документа в формате RUSMARC

ПолеНазваниеЗначение
  Тип записи a
  Библиографический уровень a
001 Контрольный номер RU/CBS_UL/BASE/a1bc3e09acbb41a8a943c1d301f8a4aa
005 Дата корректировки 20260313142047.6
100 Данные общей обработки __
a Данные общей обработки 20260313 ||| 0rusy0189 ca
101 Язык документа 0_
a Язык текста rus
102 Страна публикации __
a Страна публикации RU
200 Заглавие и сведения об ответственности 1_
a Заглавие Бизнесмен с партбилетом
e Сведения, относящиеся к заглавию [политический и государственный деятель СССР А. Микоян]
f Первые сведения об ответственности О. Покровский
300 Общие примечания __
a Общие примечания 16+
461 Уровень набора _0
1 2000
a Тайны СССР
463 Уровень физической единицы _0
1 2000
a № 3
v С. 18-20 : фото
1 2101
d 2026
1 001RU/CBS_UL/BASE/5aca11eee4bb4e4e94793d6071dec1b4
600 Персоналии _1
a Персоналии (Фамилия) Микоян
b Персоналии (Имя, инициалы) А. И.
606 Тематические рубрики 0_
a Основная рубрика Микоян, Анастас Иванович (1895-1978)
610 Ключевые слова 0_
a Ключевые слова государственные деятели
610 Ключевые слова 0_
a Ключевые слова советские государственные деятели
610 Ключевые слова 0_
a Ключевые слова деятели государственные советские
610 Ключевые слова 0_
a Ключевые слова политические деятели
610 Ключевые слова 0_
a Ключевые слова советские политические деятели
610 Ключевые слова 0_
a Ключевые слова политические деятели советские
610 Ключевые слова 0_
a Ключевые слова министры внешней и внутренней торговли СССР
610 Ключевые слова 0_
a Ключевые слова Карибский кризис
610 Ключевые слова 0_
a Ключевые слова советско-кубинские отношения
686 Индексы других классификаций __
2 Код системы rubbk
a Классификационный индекс 63.3(2)6
700 Автор _1
a Фамилия Покровский
b Имя (инициалы) О.
801 Источник записи _0
a Страна RU
b Организация МБУК ЦБС г. Ульяновска
c Дата составления 20260313
g Правила каталогизации RCR
801 Источник записи _1
a Страна RU
b Организация МБУК ЦБС г. Ульяновска
c Дата составления 20260313
g Правила каталогизации RCR
901 Тип документа __
t Тип документа b
w Контрольный № источника RU/CBS_UL/BASE/5aca11eee4bb4e4e94793d6071dec1b4
909 Создатель записи __
a Создатель записи lib2